Southville International School and Colleges
Your cart is empty.
  • Cart
  • Lists
    Public lists Eva Luna New books Lux_list list_1
    Your lists Log in to create your own lists
  • Log in to your account
  • Your cookies
  • Search history
Southville International School and Colleges
  • Advanced search
  • Recent comments
  • Most popular
  • Libraries

Log in to your account

Log in with GOOGLE


If you do not have an external account, but do have a local account, you can still log in:

  1. Home
  2. MARC view: Clinical handbook for fundamentals of nursing :
Normal view MARC view ISBD view

Clinical handbook for fundamentals of nursing : (Record no. 39368)

[ view plain ]
MARC details
000 -LEADER
fixed length control field 00641nam a2200217 a 4500
005 - DATE AND TIME OF LATEST TRANSACTION
control field 20140311163010.0
008 - FIXED-LENGTH DATA ELEMENTS--GENERAL INFORMATION
fixed length control field 051129s19uu xx 00 eng d
020 ## - INTERNATIONAL STANDARD BOOK NUMBER
International Standard Book Number 9789812471765
050 ## - LIBRARY OF CONGRESS CALL NUMBER
Classification number RT 41
Item number .C635 2005
100 ## - MAIN ENTRY--PERSONAL NAME
Personal name Kozier
9 (RLIN) 31249
245 ## - TITLE STATEMENT
Title Clinical handbook for fundamentals of nursing :
Remainder of title concepts, process and practice /
Statement of responsibility, etc Kozier, et al. ;
250 ## - EDITION STATEMENT
Edition statement 7th
260 ## - PUBLICATION, DISTRIBUTION, ETC. (IMPRINT)
Place of publication, distribution, etc Singapore :
Name of publisher, distributor, etc Prentice Hall,
Date of publication, distribution, etc 2004.
300 ## - PHYSICAL DESCRIPTION
Extent 281 p. :
Dimensions 20 cm.
650 ## - SUBJECT ADDED ENTRY--TOPICAL TERM
Topical term or geographic name as entry element Nursing
General subdivision Clinical handbook.
9 (RLIN) 31250
700 ## - ADDED ENTRY--PERSONAL NAME
Personal name Erb
9 (RLIN) 31251
700 ## - ADDED ENTRY--PERSONAL NAME
Personal name Berman
9 (RLIN) 31252
700 ## - ADDED ENTRY--PERSONAL NAME
Personal name Snyder
9 (RLIN) 31253
942 ## - ADDED ENTRY ELEMENTS (KOHA)
Koha item type Books
Source of classification or shelving scheme Library of Congress Classification
Call number prefix Foreign
Holdings
Withdrawn status Lost status Source of classification or shelving scheme Damaged status Home library Current library Shelving location Date acquired Source of acquisition Cost, normal purchase price Total Checkouts Full call number Barcode Date last seen Copy number Price effective from Koha item type
    Library of Congress Classification   College Library College Library General Circulation Section 11/29/2005   195.00   RT 41 .C635 2005 C6520 05/15/2018 1 10/10/2013 Books

Clinical handbook for fundamentals of nursing :

APA

Kozier, Erb, Berman & Snyder. (2004). Clinical handbook for fundamentals of nursing. Singapore: Prentice Hall.

Chicago

Kozier, Erb, Berman and Snyder. 2004. Clinical handbook for fundamentals of nursing. Singapore: Prentice Hall.

Harvard

Kozier, Erb, Berman and Snyder. (2004). Clinical handbook for fundamentals of nursing. Singapore: Prentice Hall.

MLA

Kozier, Erb, Berman and Snyder. Clinical handbook for fundamentals of nursing. Singapore: Prentice Hall. 2004.

  • Place hold
  • Print
  • Cite
  • Add to your cart (remove)
  • Save record
    BIBTEX Dublin Core MARCXML MARC (non-Unicode/MARC-8) MARC (Unicode/UTF-8) MARC (Unicode/UTF-8, Standard) MODS (XML) RIS
  • More searches
    Search for this title in:
    Other Libraries (WorldCat) Other Databases (Google Scholar) Online Stores (Bookfinder.com) Open Library (openlibrary.org)

Exporting to Dublin Core...

SOUTHVILLE LIBRARY

Southville International School and Colleges Library

1281 Tropical Ave. Cor. Luxembourg St., BF Homes International, Las Pinas City

Tel. No. 8256374 / 252358 Loc. 117/146

Powered by Koha